| Tag |
First Indicator |
Second Indicator |
Subfields |
| LEADER |
00000cam a2200000Ia 4500 |
| 001 |
in00002546421 |
| 005 |
20210727090140.0 |
| 006 |
m d |
| 007 |
cr cn| |
| 008 |
091023s2009 gw ab s 001 0 eng d |
| 020 |
|
|
|a 3540693971
|
| 020 |
|
|
|a 9783540693970
|
| 035 |
|
|
|a (OCoLC)458574771
|
| 035 |
|
|
|a (OCoLC)ocn458574771
|
| 035 |
|
|
|a 3649090
|
| 037 |
|
|
|a 978-3-540-69396-3
|b Springer
|n http://www.springerlink.com
|
| 040 |
|
|
|a GW5XE
|b eng
|c GW5XE
|d UtOrBLW
|
| 049 |
|
|
|a TXAC
|
| 050 |
1 |
4 |
|a QC882.42
|b .S28 2009
|
| 070 |
1 |
|
|a QC882.42
|b .S28 2009
|
| 082 |
0 |
4 |
|a 551.5113
|2 22
|
| 245 |
0 |
0 |
|a Satellite aerosol remote sensing over land /
|c Alexander A. Kokhanovsky and Gerrit De Leeuw (editors).
|
| 264 |
|
1 |
|a Berlin ;
|a New York ;
|a Chichester, UK :
|b In association with Praxis Publishing,
|c [2009]
|
| 264 |
|
4 |
|c ©2009
|
| 300 |
|
|
|a xvi, 388 pages :
|b illustrations (some color), maps ;
|c 25 cm.
|
| 336 |
|
|
|a text
|b txt
|2 rdacontent
|
| 337 |
|
|
|a computer
|b c
|2 rdamedia
|
| 338 |
|
|
|a online resource
|b cr
|2 rdacarrier
|
| 490 |
1 |
|
|a Springer-Praxis books in environmental sciences
|
| 500 |
|
|
|a Electronic resource.
|
| 500 |
|
|
|a Includes index.
|
| 533 |
|
|
|a Electronic reproduction.
|b New York :
|c Springer,
|d 2009.
|n Mode of access: World Wide Web.
|n System requirements: Web browser.
|n Title from title screen (viewed on Oct. 12, 2009).
|n Access may be restricted to users at subscribing institutions.
|
| 650 |
|
0 |
|a Artificial satellites in remote sensing.
|0 http://id.loc.gov/authorities/subjects/sh85008242
|
| 650 |
|
0 |
|a Atmospheric aerosols
|x Remote sensing.
|
| 655 |
|
7 |
|a Electronic books.
|2 local
|
| 700 |
1 |
|
|a Kokhanovsky, Alexander A.
|0 http://id.loc.gov/authorities/names/n98105815
|
| 700 |
1 |
|
|a Leeuw, G. H. de
|q (Gerrit Hendrik),
|d 1939-
|0 http://id.loc.gov/authorities/names/no2008096895
|
| 710 |
2 |
|
|a SpringerLink (Online service)
|0 http://id.loc.gov/authorities/names/no2005046756
|
| 776 |
1 |
|
|c Original
|z 9783540693963
|z 3540693963
|w (OCoLC)244765652
|
| 830 |
|
0 |
|a Springer-Praxis books in environmental sciences.
|0 http://id.loc.gov/authorities/names/n99253215
|
| 856 |
4 |
0 |
|u http://proxy.library.tamu.edu/login?url=https://dx.doi.org/10.1007/978-3-540-69397-0
|z Connect to the full text of this electronic book
|t 0
|
| 994 |
|
|
|a 92
|b TXA
|
| 999 |
|
|
|a MARS
|
| 999 |
f |
f |
|s e61a5795-d445-38e2-ae7e-d146ba0e4fc7
|i 6cb6cb2b-8484-3458-918a-78b7360948dd
|t 0
|
| 952 |
f |
f |
|a Texas A&M University
|b College Station
|c Electronic Resources
|d Available Online
|t 0
|e QC882.42 .S28 2009
|h Library of Congress classification
|
| 998 |
f |
f |
|a QC882.42 .S28 2009
|t 0
|l Available Online
|